| 000 | 00380nam a2200145Ia 4500 | ||
|---|---|---|---|
| 008 | 210716s1959 xx 000 0 und d | ||
| 041 | _aeng | ||
| 082 | _a150 MARJ | ||
| 100 | _aMaritain, Jacques. | ||
| 245 | _aDistinguish to unite or the degrees of knowledge. | ||
| 250 | _a1 | ||
| 260 |
_aNew York _bCharles Scribners Sons _c1959 |
||
| 300 | _axix,476 | ||
| 650 | _aPsychology | ||
| 999 |
_c200571 _d200571 |
||